| 000 | 00429nam a2200169Ia 4500 | ||
|---|---|---|---|
| 008 | 230711s9999||||xx |||||||||||||| ||und|| | ||
| 041 | _aENG | ||
| 082 |
_a624 _bHA-P |
||
| 100 | _aHaddad,Sum Watson | ||
| 245 | 0 | _aPrinciples performance for diesel engines | |
| 250 | _a1st | ||
| 260 |
_c1984 _aNew York _bJohn Wiley & Sons.Inc |
||
| 300 | _a279 | ||
| 650 | _aMechanical Engineering | ||
| 700 | _aWatson,Arrillage | ||
| 942 | _cBK | ||
| 999 |
_c1902 _d1902 |
||